000 00982nam a22003137a 4500
001 BR9802956
003 BR-BrBNA
005 20230928095941.0
007 ta
008 230509b bl.||||| |||| 00| 0 por d
040 _aBR-BrBNA
_bpor
_cBiblioteca Nacional de Agricultura
041 _a(Por)
072 _aP35
_b1930
090 _ 1930 BR9802956
100 1 _aGislon, I.
110 1 _aEscola Superior de Agricultura Luiz de Queiroz, Piracicaba, SP (Brasil)
_0Tese (Mestre em Agronomia)
245 1 _aNivel critico de fosforo em hemartria (Hemarthria altissima (Poir.)Stapf. Hubbard)
260 3 _aPiracicaba, SP (Brasil):
_c1997.
300 _a69 p.
500 _aBibliography p. 63-69; 13 tables; 7 illus.; Summaries (Eng, Por)
650 _aHemartria
650 _aFosforo
650 _aAnalise do Solo
650 _aQuimica do Solo
650 _aRelacao Solo-Planta
650 _aResposta da Planta
909 _a202309
_bLucia
_c55
_dLucia Elande
942 _cBK
999 _c59570
_d59570